[Event "Russian Championship (Rapid, Women)"]
[Site "Sochi"]
[Date "2018.10.06"]
[Round "9.7"]
[White "Borisova, Ekaterina"]
[Black "Baraeva, Irina"]
[Result "1-0"]
[BlackElo "2174"]
[WhiteElo "2040"]
[LiveChessVersion "1.4.8"]

1. d4 {[%clk 0:15:19]} d5 {[%clk 0:15:19]} 2. Nf3 {[%clk 0:15:28]} Nf6
{[%clk 0:15:28]} 3. g3 {[%clk 0:15:37]} c5 {[%clk 0:15:33]} 4. c4
{[%clk 0:15:37]} e6 {[%clk 0:14:55]} 5. cxd5 {[%clk 0:15:45]} Nxd5
{[%clk 0:15:01]} 6. Bg2 {[%clk 0:15:44]} Nc6 {[%clk 0:15:05]} 7. O-O
{[%clk 0:15:33]} Be7 {[%clk 0:15:11]} 8. a3 {[%clk 0:15:16]} cxd4
{[%clk 0:14:53]} 9. Nxd4 {[%clk 0:15:22]} O-O {[%clk 0:14:56]} 10. e4
{[%clk 0:14:55]} Nb6 {[%clk 0:15:01]} 11. Nxc6 {[%clk 0:14:51]} bxc6
{[%clk 0:15:09]} 12. Qc2 {[%clk 0:14:59]} Ba6 {[%clk 0:15:01]} 13. Rd1
{[%clk 0:15:07]} Qc7 {[%clk 0:15:10]} 14. Be3 {[%clk 0:13:52]} Rad8
{[%clk 0:15:11]} 15. Nc3 {[%clk 0:09:10]} Nc4 {[%clk 0:15:14]} 16. Bf4
{[%clk 0:09:13]} e5 {[%clk 0:15:17]} 17. Bc1 {[%clk 0:09:20]} Rxd1+
{[%clk 0:15:03]} 18. Nxd1 {[%clk 0:09:22]} Rd8 {[%clk 0:13:45]} 19. Ne3
{[%clk 0:09:10]} Qd7 {[%clk 0:11:06]} 20. Bf1 {[%clk 0:08:06]} Nxe3
{[%clk 0:10:50]} 21. Bxe3 {[%clk 0:08:15]} Bxf1 {[%clk 0:09:44]} 22. Rxf1
{[%clk 0:08:23]} Qb7 {[%clk 0:08:31]} 23. b4 {[%clk 0:06:35]} a5 {[%clk 0:07:35]}
24. bxa5 {[%clk 0:06:33]} Bxa3 {[%clk 0:07:43]} 25. Rb1 {[%clk 0:06:13]} Qa6
{[%clk 0:07:05]} 26. Bb6 {[%clk 0:06:02]} Rc8 {[%clk 0:05:53]} 27. Qc3
{[%clk 0:05:35]} Bd6 {[%clk 0:05:30]} 28. Rd1 {[%clk 0:05:42]} Bb8
{[%clk 0:05:00]} 29. Qxc6 {[%clk 0:05:18]} h6 {[%clk 0:05:07]} 30. Qxc8+
{[%clk 0:04:53]} Qxc8 {[%clk 0:05:14]} 31. Rd8+ {[%clk 0:05:02]} Qxd8
{[%clk 0:05:22]} 32. Bxd8 {[%clk 0:05:12]} Kf8 {[%clk 0:05:18]} 33. Bb6
{[%clk 0:05:16]} Ke7 {[%clk 0:05:05]} 34. a6 {[%clk 0:05:25]} Kd6
{[%clk 0:05:14]} 35. a7 {[%clk 0:05:32]} Bxa7 {[%clk 0:05:23]} 36. Bxa7
{[%clk 0:05:41]} g6 {[%clk 0:05:30]} 37. h4 {[%clk 0:05:44]} f5 {[%clk 0:05:38]}
38. exf5 {[%clk 0:05:29]} gxf5 {[%clk 0:05:47]} 39. h5 {[%clk 0:05:37]} f4
{[%clk 0:05:44]} 40. gxf4 {[%clk 0:05:43]} exf4 {[%clk 0:05:52]} 41. Bb8+
{[%clk 0:05:52]} 1-0

[Event "Russian Championship (Rapid, Women)"]
[Site "Sochi"]
[Date "2018.10.06"]
[Round "9.8"]
[White "Solozhenkina, Elizaveta"]
[Black "Bivol, Alina"]
[Result "0-1"]
[BlackElo "2322"]
[WhiteElo "2189"]
[LiveChessVersion "1.4.8"]

1. e4 {[%clk 0:15:18]} e6 {[%clk 0:11:27]} 2. d4 {[%clk 0:15:25]} d5
{[%clk 0:11:36]} 3. Nd2 {[%clk 0:15:33]} Be7 {[%clk 0:11:46]} 4. e5
{[%clk 0:14:11]} c5 {[%clk 0:11:55]} 5. c3 {[%clk 0:14:08]} Nc6 {[%clk 0:12:04]}
6. Ndf3 {[%clk 0:13:52]} Qb6 {[%clk 0:11:56]} 7. Ne2 {[%clk 0:13:58]} cxd4
{[%clk 0:12:02]} 8. cxd4 {[%clk 0:14:05]} f6 {[%clk 0:11:28]} 9. exf6
{[%clk 0:13:53]} Nxf6 {[%clk 0:11:37]} 10. Nc3 {[%clk 0:13:08]} O-O
{[%clk 0:11:19]} 11. Bd3 {[%clk 0:13:16]} Kh8 {[%clk 0:10:36]} 12. Bc2
{[%clk 0:12:42]} Bd6 {[%clk 0:08:39]} 13. O-O {[%clk 0:12:20]} e5
{[%clk 0:08:33]} 14. dxe5 {[%clk 0:12:00]} Nxe5 {[%clk 0:08:42]} 15. Nxe5
{[%clk 0:09:13]} Bxe5 {[%clk 0:08:51]} 16. Nxd5 {[%clk 0:07:14]} Nxd5
{[%clk 0:06:21]} 17. Qxd5 {[%clk 0:07:23]} Qc7 {[%clk 0:05:33]} 18. f4
{[%clk 0:06:04]} Bf6 {[%clk 0:05:42]} 19. Be4 {[%clk 0:05:12]} Qe7
{[%clk 0:03:38]} 20. Bd2 {[%clk 0:04:45]} Rd8 {[%clk 0:03:26]} 21. Qh5
{[%clk 0:02:07]} Qxe4 {[%clk 0:03:29]} 22. Rae1 {[%clk 0:02:16]} Qg6
{[%clk 0:03:02]} 0-1

[Event "Russian Championship (Rapid, Women)"]
[Site "Sochi"]
[Date "2018.10.06"]
[Round "9.9"]
[White "Sukhareva, Evgeniya"]
[Black "Nebolsina, Vera"]
[Result "0-1"]
[BlackElo "2157"]
[WhiteElo "2258"]
[LiveChessVersion "1.4.8"]

1. d4 {[%clk 0:15:19]} Nf6 {[%clk 0:15:19]} 2. c4 {[%clk 0:15:27]} g6
{[%clk 0:15:27]} 3. Nc3 {[%clk 0:15:36]} d5 {[%clk 0:15:35]} 4. cxd5
{[%clk 0:15:35]} Nxd5 {[%clk 0:15:43]} 5. e4 {[%clk 0:15:43]} Nxc3
{[%clk 0:15:50]} 6. bxc3 {[%clk 0:15:52]} Bg7 {[%clk 0:15:56]} 7. Nf3
{[%clk 0:15:56]} c5 {[%clk 0:16:04]} 8. Be3 {[%clk 0:16:03]} O-O {[%clk 0:15:57]}
9. Be2 {[%clk 0:16:06]} Nc6 {[%clk 0:15:35]} 10. O-O {[%clk 0:15:58]} Qc7
{[%clk 0:13:09]} 11. Rc1 {[%clk 0:15:25]} Rd8 {[%clk 0:12:39]} 12. d5
{[%clk 0:15:24]} Na5 {[%clk 0:12:11]} 13. c4 {[%clk 0:15:20]} b6 {[%clk 0:12:18]}
14. Bd2 {[%clk 0:15:12]} Nb7 {[%clk 0:12:17]} 15. Bd3 {[%clk 0:14:56]} e5
{[%clk 0:11:07]} 16. Qc2 {[%clk 0:14:44]} Nd6 {[%clk 0:11:04]} 17. Bc3
{[%clk 0:14:51]} f6 {[%clk 0:10:41]} 18. Nd2 {[%clk 0:14:34]} Re8
{[%clk 0:09:48]} 19. g3 {[%clk 0:13:42]} Bh3 {[%clk 0:09:40]} 20. Rfe1
{[%clk 0:13:51]} Qd7 {[%clk 0:09:29]} 21. Bf1 {[%clk 0:13:56]} Bxf1
{[%clk 0:07:33]} 22. Rxf1 {[%clk 0:14:02]} a6 {[%clk 0:07:14]} 23. f4
{[%clk 0:13:48]} b5 {[%clk 0:07:06]} 24. fxe5 {[%clk 0:13:48]} fxe5
{[%clk 0:07:14]} 25. Qd3 {[%clk 0:13:41]} Rab8 {[%clk 0:07:07]} 26. Qe3
{[%clk 0:13:20]} bxc4 {[%clk 0:06:33]} 27. Qxc5 {[%clk 0:13:22]} Rbc8
{[%clk 0:05:30]} 28. Qe3 {[%clk 0:12:27]} Nb5 {[%clk 0:04:52]} 29. Qe2
{[%clk 0:11:47]} Bh6 {[%clk 0:04:16]} 30. Kg2 {[%clk 0:07:47]} Qa7
{[%clk 0:03:58]} 31. Rc2 {[%clk 0:05:55]} Nxc3 {[%clk 0:02:57]} 32. Rxc3
{[%clk 0:06:04]} Qd4 {[%clk 0:03:06]} 33. Rc2 {[%clk 0:06:06]} Qd3
{[%clk 0:02:46]} 34. Nf3 {[%clk 0:05:25]} Qxe2+ {[%clk 0:02:44]} 35. Rxe2
{[%clk 0:05:32]} c3 {[%clk 0:02:52]} 36. Rc2 {[%clk 0:05:35]} Rc4
{[%clk 0:03:00]} 37. Rd1 {[%clk 0:04:47]} Be3 {[%clk 0:02:21]} 38. Rb1
{[%clk 0:02:54]} Bd4 {[%clk 0:02:28]} 39. Kf1 {[%clk 0:02:02]} Rf8
{[%clk 0:01:27]} 40. Kg2 {[%clk 0:01:39]} Rcc8 {[%clk 0:01:28]} 41. Rb3
{[%clk 0:00:57]} Rb8 {[%clk 0:01:21]} 42. Rbxc3 {[%clk 0:01:05]} Bxc3
{[%clk 0:01:28]} 43. Rxc3 {[%clk 0:01:15]} Rb2+ {[%clk 0:01:34]} 44. Kh3
{[%clk 0:01:23]} Kg7 {[%clk 0:01:23]} 45. Rc7+ {[%clk 0:00:54]} Kf6
{[%clk 0:01:01]} 46. Rc6+ {[%clk 0:00:43]} Ke7 {[%clk 0:01:08]} 47. Nxe5
{[%clk 0:00:43]} Rxa2 {[%clk 0:01:04]} 48. Re6+ {[%clk 0:00:51]} Kd8
{[%clk 0:01:09]} 49. d6 {[%clk 0:00:43]} Re8 {[%clk 0:00:33]} 50. Nc6+
{[%clk 0:00:19]} Kd7 {[%clk 0:00:42]} 51. Rxe8 {[%clk 0:00:18]} Kxe8
{[%clk 0:00:50]} 52. e5 {[%clk 0:00:22]} Kd7 {[%clk 0:00:50]} 53. Nb8+
{[%clk 0:00:28]} Ke6 {[%clk 0:00:53]} 54. d7 {[%clk 0:00:15]} Rd2
{[%clk 0:00:22]} 55. Nxa6 {[%clk 0:00:22]} Kxd7 {[%clk 0:00:19]} 56. Kg4
{[%clk 0:00:12]} Ke6 {[%clk 0:00:20]} 57. Nc5+ {[%clk 0:00:13]} Kd5
{[%clk 0:00:16]} 58. Nd7 {[%clk 0:00:15]} Rxh2 {[%clk 0:00:22]} 59. Kf4
{[%clk 0:00:14]} Rf2+ {[%clk 0:00:20]} 60. Kg5 {[%clk 0:00:14]} Ke6
{[%clk 0:00:19]} 61. Nc5+ {[%clk 0:00:19]} Kd5 {[%clk 0:00:20]} 62. Nd7
{[%clk 0:00:16]} Rg2 {[%clk 0:00:21]} 63. Kf4 {[%clk 0:00:15]} Rf2+
{[%clk 0:00:21]} 64. Kg5 {[%clk 0:00:20]} Rf3 {[%clk 0:00:21]} 65. Kg4
{[%clk 0:00:26]} Rf7 {[%clk 0:00:22]} 66. e6 {[%clk 0:00:14]} Kxe6
{[%clk 0:00:25]} 67. Nc5+ {[%clk 0:00:23]} Kd5 {[%clk 0:00:33]} 68. Nd3
{[%clk 0:00:32]} Ke4 {[%clk 0:00:25]} 69. Nc5+ {[%clk 0:00:39]} Kd5
{[%clk 0:00:24]} 70. Nd3 {[%clk 0:00:48]} Rf5 {[%clk 0:00:31]} 71. Kh3
{[%clk 0:00:12]} Ke4 {[%clk 0:00:34]} 72. Ne1 {[%clk 0:00:15]} Rf2
{[%clk 0:00:38]} 0-1

[Event "Russian Championship (Rapid, Women)"]
[Site "Sochi"]
[Date "2018.10.06"]
[Round "9.10"]
[White "Vasilevich, Irina"]
[Black "Zherebtsova, Alexandra"]
[Result "1-0"]
[BlackElo "2137"]
[WhiteElo "2226"]
[LiveChessVersion "1.4.8"]

1. c4 {[%clk 0:15:17]} e5 {[%clk 0:15:27]} 2. Nc3 {[%clk 0:15:26]} Nc6
{[%clk 0:15:36]} 3. g3 {[%clk 0:15:34]} g6 {[%clk 0:15:45]} 4. Bg2
{[%clk 0:15:43]} Bg7 {[%clk 0:15:54]} 5. Rb1 {[%clk 0:15:51]} a5 {[%clk 0:16:02]}
6. a3 {[%clk 0:15:59]} f5 {[%clk 0:16:10]} 7. b4 {[%clk 0:16:04]} axb4
{[%clk 0:16:18]} 8. axb4 {[%clk 0:16:13]} Nf6 {[%clk 0:16:24]} 9. b5
{[%clk 0:16:06]} Ne7 {[%clk 0:16:32]} 10. Nf3 {[%clk 0:15:12]} d6
{[%clk 0:16:35]} 11. d3 {[%clk 0:13:49]} O-O {[%clk 0:16:26]} 12. O-O
{[%clk 0:13:53]} Kh8 {[%clk 0:16:34]} 13. Bb2 {[%clk 0:11:21]} Nd7
{[%clk 0:16:35]} 14. Ra1 {[%clk 0:08:15]} Rxa1 {[%clk 0:16:32]} 15. Qxa1
{[%clk 0:08:24]} Nc5 {[%clk 0:15:39]} 16. Rd1 {[%clk 0:08:13]} Be6
{[%clk 0:13:26]} 17. Nd2 {[%clk 0:06:28]} Qa8 {[%clk 0:11:05]} 18. Ba3
{[%clk 0:06:33]} e4 {[%clk 0:08:47]} 19. Nf1 {[%clk 0:02:35]} b6 {[%clk 0:04:14]}
20. dxe4 {[%clk 0:00:49]} Nxe4 {[%clk 0:03:33]} 21. Bxe4 {[%clk 0:00:45]} fxe4
{[%clk 0:03:29]} 22. Ne3 {[%clk 0:00:47]} Nf5 {[%clk 0:02:30]} 23. Ned5
{[%clk 0:00:48]} Bxd5 {[%clk 0:01:40]} 24. cxd5 {[%clk 0:00:42]} Nd4
{[%clk 0:00:50]} 25. Bb2 {[%clk 0:00:35]} Qxa1 {[%clk 0:00:34]} 26. Bxa1
{[%clk 0:00:25]} Ra8 {[%clk 0:00:35]} 27. Kf1 {[%clk 0:00:20]} Nxb5
{[%clk 0:00:20]} 28. Nxb5 {[%clk 0:00:24]} Rxa1 {[%clk 0:00:19]} 29. Rxa1
{[%clk 0:00:31]} Bxa1 {[%clk 0:00:27]} 30. Nxc7 {[%clk 0:00:39]} Bd4
{[%clk 0:00:32]} 31. e3 {[%clk 0:00:15]} Bc5 {[%clk 0:00:38]} 32. Ke2
{[%clk 0:00:22]} Kg8 {[%clk 0:00:46]} 33. f3 {[%clk 0:00:20]} exf3+ 34. Kxf3
{[%clk 0:00:29]} Kf7 {[%clk 0:00:59]} 35. g4 {[%clk 0:00:24]} Kf6
{[%clk 0:00:55]} 36. Kf4 {[%clk 0:00:29]} Ba3 {[%clk 0:00:31]} 37. Nb5
{[%clk 0:00:24]} Bb2 {[%clk 0:00:31]} 38. g5+ {[%clk 0:00:23]} Ke7
{[%clk 0:00:40]} 39. Ke4 {[%clk 0:00:31]} Be5 {[%clk 0:00:45]} 40. h3
{[%clk 0:00:38]} Kd7 {[%clk 0:00:21]} 41. Na7 {[%clk 0:00:27]} Bg3
{[%clk 0:00:18]} 42. Nb5 {[%clk 0:00:28]} Be5 {[%clk 0:00:26]} 43. Na3
{[%clk 0:00:24]} Kc7 {[%clk 0:00:32]} 44. Nc4 {[%clk 0:00:23]} Bg3
{[%clk 0:00:37]} 45. Kf3 {[%clk 0:00:30]} Bh2 {[%clk 0:00:41]} 46. Kg2
{[%clk 0:00:20]} b5 {[%clk 0:00:27]} 47. Nd2 {[%clk 0:00:12]} Be5
{[%clk 0:00:33]} 48. Kf3 {[%clk 0:00:21]} Kb6 {[%clk 0:00:40]} 49. Ke4
{[%clk 0:00:29]} Ka5 {[%clk 0:00:46]} 50. Nf3 {[%clk 0:00:38]} Bg3
{[%clk 0:00:45]} 51. Kd3 {[%clk 0:00:45]} Kb4 {[%clk 0:00:48]} 52. e4
{[%clk 0:00:39]} Bf4 {[%clk 0:00:49]} 53. h4 {[%clk 0:00:41]} Kc5
{[%clk 0:00:57]} 54. Nd4 {[%clk 0:00:44]} Bg3 {[%clk 0:01:05]} 55. Ne6+
{[%clk 0:00:48]} Kb6 {[%clk 0:01:13]} 56. Nf8 {[%clk 0:00:51]} Bxh4
{[%clk 0:01:21]} 57. Nxh7 {[%clk 0:01:00]} Kc5 {[%clk 0:01:26]} 58. Nf8
{[%clk 0:01:07]} Bxg5 {[%clk 0:01:34]} 59. Ne6+ {[%clk 0:01:17]} Kb6
{[%clk 0:01:39]} 60. Nxg5 {[%clk 0:01:25]} Ka5 {[%clk 0:01:48]} 61. Nf7
{[%clk 0:01:29]} 1-0

[Event "Russian Championship (Rapid, Women)"]
[Site "Sochi"]
[Date "2018.10.06"]
[Round "9.11"]
[White "Bykova, Anastasia"]
[Black "Styazhkina, Anna"]
[Result "1/2-1/2"]
[BlackElo "2214"]
[WhiteElo "2170"]
[LiveChessVersion "1.4.8"]

1. d4 {[%clk 0:15:19]} d5 {[%clk 0:15:17]} 2. c4 {[%clk 0:15:28]} c6
{[%clk 0:15:26]} 3. Nf3 {[%clk 0:15:36]} Nf6 {[%clk 0:15:34]} 4. e3
{[%clk 0:15:35]} Bf5 {[%clk 0:15:36]} 5. Nc3 {[%clk 0:15:42]} e6 {[%clk 0:15:43]}
6. Nh4 {[%clk 0:15:48]} Be4 {[%clk 0:15:50]} 7. f3 {[%clk 0:13:58]} Bg6
{[%clk 0:15:57]} 8. g3 {[%clk 0:13:41]} Bh5 {[%clk 0:14:57]} 9. Ng2
{[%clk 0:12:52]} Bd6 {[%clk 0:14:07]} 10. c5 {[%clk 0:12:39]} Bc7
{[%clk 0:13:55]} 11. b4 {[%clk 0:10:27]} e5 {[%clk 0:13:28]} 12. Be2
{[%clk 0:10:19]} O-O {[%clk 0:12:46]} 13. Bb2 {[%clk 0:09:14]} Re8
{[%clk 0:11:36]} 14. O-O {[%clk 0:09:03]} e4 {[%clk 0:08:24]} 15. f4
{[%clk 0:09:08]} Bxe2 {[%clk 0:08:28]} 16. Qxe2 {[%clk 0:09:13]} Qd7
{[%clk 0:07:27]} 17. a4 {[%clk 0:08:29]} Qh3 {[%clk 0:04:12]} 18. Nd1
{[%clk 0:04:55]} Ng4 {[%clk 0:03:06]} 19. Nh4 {[%clk 0:04:47]} Nd7
{[%clk 0:02:32]} 20. Qg2 {[%clk 0:04:33]} Qxg2+ {[%clk 0:02:38]} 21. Nxg2
{[%clk 0:04:39]} f5 {[%clk 0:02:37]} 22. b5 {[%clk 0:03:18]} a6 {[%clk 0:02:13]}
23. b6 {[%clk 0:03:02]} Bd8 {[%clk 0:02:21]} 24. Nc3 {[%clk 0:02:39]} Bf6
{[%clk 0:02:25]} 25. Rad1 {[%clk 0:01:21]} Kf7 {[%clk 0:01:32]} 26. h3
{[%clk 0:01:04]} Nh6 {[%clk 0:01:40]} 27. Kh2 {[%clk 0:01:00]} Ke6
{[%clk 0:01:38]} 28. Ne1 {[%clk 0:00:19]} Nf7 {[%clk 0:01:26]} 29. Nc2
{[%clk 0:00:22]} h6 {[%clk 0:01:25]} 30. Rf2 {[%clk 0:00:24]} Rg8
{[%clk 0:00:53]} 31. Rdf1 {[%clk 0:00:24]} Raf8 {[%clk 0:00:42]} 32. Na1
{[%clk 0:00:31]} Nd8 {[%clk 0:00:33]} 33. Nb3 {[%clk 0:00:30]} g5
{[%clk 0:00:31]} 34. Rg2 {[%clk 0:00:28]} h5 {[%clk 0:00:27]} 35. Rfg1
{[%clk 0:00:29]} Rf7 {[%clk 0:00:21]} 36. Ne2 {[%clk 0:00:29]} Rfg7
{[%clk 0:00:15]} 37. fxg5 {[%clk 0:00:20]} Bxg5 {[%clk 0:00:15]} 38. Nf4+
{[%clk 0:00:29]} Bxf4 {[%clk 0:00:17]} 39. gxf4 {[%clk 0:00:36]} Rxg2+
{[%clk 0:00:20]} 40. Rxg2 {[%clk 0:00:46]} Rxg2+ {[%clk 0:00:22]} 41. Kxg2
{[%clk 0:00:55]} h4 {[%clk 0:00:17]} 42. Bc3 {[%clk 0:01:02]} Nf8
{[%clk 0:00:22]} 43. Be1 {[%clk 0:01:06]} Ng6 {[%clk 0:00:29]} 44. Na5
{[%clk 0:01:06]} Kf6 {[%clk 0:00:23]} 45. Kf1 {[%clk 0:01:07]} Kg7
{[%clk 0:00:23]} 46. Kg2 {[%clk 0:00:49]} Kf6 {[%clk 0:00:18]} 47. Kf1
{[%clk 0:00:58]} Ke6 {[%clk 0:00:27]} 48. Bf2 {[%clk 0:00:56]} Kf7
{[%clk 0:00:17]} 49. Nb3 {[%clk 0:01:05]} Kg7 {[%clk 0:00:23]} 50. Na5
{[%clk 0:00:54]} Kh6 {[%clk 0:00:26]} 51. Be1 {[%clk 0:00:54]} Kh5
{[%clk 0:00:32]} 52. Bf2 {[%clk 0:00:46]} Nh8 {[%clk 0:00:36]} 53. Kg2
{[%clk 0:00:30]} Nhf7 {[%clk 0:00:37]} 54. Kf1 {[%clk 0:00:28]} Nh8
{[%clk 0:00:34]} 1/2-1/2

[Event "Russian Championship (Rapid, Women)"]
[Site "Sochi"]
[Date "2018.10.06"]
[Round "9.12"]
[White "Kabanova, Ekaterina"]
[Black "Baraeva, Marina"]
[Result "0-1"]
[BlackElo "2204"]
[WhiteElo "2118"]
[LiveChessVersion "1.4.8"]

1. c4 {[%clk 0:15:18]} e5 {[%clk 0:15:19]} 2. e3 {[%clk 0:15:27]} Nf6
{[%clk 0:15:06]} 3. Qc2 {[%clk 0:15:27]} Nc6 {[%clk 0:15:11]} 4. a3
{[%clk 0:15:36]} a5 {[%clk 0:15:04]} 5. b3 {[%clk 0:15:43]} Bc5 {[%clk 0:14:48]}
6. Bb2 {[%clk 0:15:51]} d6 {[%clk 0:14:55]} 7. d3 {[%clk 0:15:55]} O-O
{[%clk 0:14:51]} 8. Nd2 {[%clk 0:16:03]} d5 {[%clk 0:14:12]} 9. cxd5
{[%clk 0:16:07]} Qxd5 {[%clk 0:14:19]} 10. Ngf3 {[%clk 0:16:04]} Ba7
{[%clk 0:13:08]} 11. Be2 {[%clk 0:16:08]} Bg4 {[%clk 0:12:30]} 12. O-O
{[%clk 0:15:59]} Rfd8 {[%clk 0:11:58]} 13. Rfe1 {[%clk 0:15:55]} Nd7
{[%clk 0:11:24]} 14. h3 {[%clk 0:15:32]} Bh5 {[%clk 0:11:00]} 15. Nc4
{[%clk 0:13:15]} Bg6 {[%clk 0:10:22]} 16. Qc3 {[%clk 0:12:59]} f6
{[%clk 0:10:01]} 17. d4 {[%clk 0:12:41]} exd4 {[%clk 0:09:46]} 18. exd4
{[%clk 0:12:47]} Kh8 {[%clk 0:09:32]} 19. Ne3 {[%clk 0:11:35]} Qd6
{[%clk 0:08:46]} 20. Nc4 {[%clk 0:11:26]} Qd5 {[%clk 0:08:48]} 21. Rad1
{[%clk 0:11:35]} Nf8 {[%clk 0:08:17]} 22. Nh4 {[%clk 0:11:10]} Nxd4
{[%clk 0:07:30]} 23. Nxg6+ {[%clk 0:11:14]} Nxg6 {[%clk 0:07:19]} 24. Bf1
{[%clk 0:11:06]} Qg5 {[%clk 0:05:38]} 25. Re4 {[%clk 0:08:25]} Nc6
{[%clk 0:04:21]} 26. Rg4 {[%clk 0:08:23]} Qf5 {[%clk 0:03:58]} 27. Rxd8+
{[%clk 0:08:11]} Rxd8 {[%clk 0:04:07]} 28. Ne3 {[%clk 0:08:13]} Qd7
{[%clk 0:04:15]} 29. Bb5 {[%clk 0:07:53]} Bd4 {[%clk 0:03:58]} 30. Qd2
{[%clk 0:05:19]} Bxb2 {[%clk 0:04:02]} 31. Qxb2 {[%clk 0:05:27]} Nge5
{[%clk 0:04:07]} 32. Rg3 {[%clk 0:05:14]} Qd2 {[%clk 0:04:02]} 33. Qxd2
{[%clk 0:04:58]} Rxd2 {[%clk 0:04:10]} 34. Nc4 {[%clk 0:04:43]} Nxc4
{[%clk 0:03:42]} 35. Bxc4 {[%clk 0:04:50]} Ne5 {[%clk 0:03:46]} 36. Be6
{[%clk 0:04:58]} Rd6 {[%clk 0:03:34]} 37. Bc8 {[%clk 0:04:40]} b6
{[%clk 0:03:16]} 38. Re3 {[%clk 0:04:40]} Kg8 {[%clk 0:02:46]} 39. f4
{[%clk 0:04:40]} Ng6 {[%clk 0:02:55]} 40. g3 {[%clk 0:04:40]} Kf7
{[%clk 0:02:47]} 41. Rc3 {[%clk 0:04:49]} c6 {[%clk 0:02:56]} 42. Bb7
{[%clk 0:04:44]} Ne7 {[%clk 0:03:04]} 43. Ba6 {[%clk 0:04:32]} Ke6
{[%clk 0:02:49]} 44. Re3+ {[%clk 0:04:11]} Kd7 {[%clk 0:02:57]} 45. Bd3
{[%clk 0:04:15]} g6 {[%clk 0:02:34]} 46. Be2 {[%clk 0:03:23]} Rd2
{[%clk 0:02:27]} 47. Bg4+ {[%clk 0:03:12]} f5 {[%clk 0:02:36]} 48. Bf3
{[%clk 0:03:21]} Nd5 {[%clk 0:01:59]} 49. Re5 {[%clk 0:03:26]} Rd3
{[%clk 0:01:39]} 50. Kf2 {[%clk 0:03:17]} Rxb3 {[%clk 0:01:46]} 51. Bxd5 cxd5
{[%clk 0:01:55]} 52. Rxd5+ {[%clk 0:03:28]} Ke6 {[%clk 0:01:26]} 53. Re5+
{[%clk 0:03:33]} Kf6 {[%clk 0:01:35]} 54. a4 {[%clk 0:03:38]} Rb4
{[%clk 0:01:40]} 55. Rd5 {[%clk 0:03:39]} Ke6 {[%clk 0:01:42]} 56. Re5+
{[%clk 0:03:49]} Kd6 {[%clk 0:01:47]} 57. Re8 {[%clk 0:03:57]} Rxa4
{[%clk 0:01:53]} 58. Rh8 {[%clk 0:04:07]} b5 {[%clk 0:01:40]} 59. Rxh7
{[%clk 0:04:16]} b4 60. Rh6 b3 {[%clk 0:01:55]} 61. Rxg6+ {[%clk 0:04:33]} Kc5
{[%clk 0:02:05]} 62. Rg8 {[%clk 0:04:34]} Rb4 {[%clk 0:02:12]} 63. Rc8+
{[%clk 0:04:39]} Kd4 {[%clk 0:02:19]} 64. Rd8+ {[%clk 0:04:37]} Kc3
{[%clk 0:02:12]} 65. Rc8+ {[%clk 0:04:45]} Kd3 {[%clk 0:02:18]} 66. Rd8+
{[%clk 0:04:50]} Kc2 {[%clk 0:02:17]} 67. Rc8+ {[%clk 0:04:48]} Kb1
{[%clk 0:02:25]} 68. Rc5 {[%clk 0:04:28]} b2 {[%clk 0:02:20]} 69. Rxa5
{[%clk 0:04:37]} Kc2 {[%clk 0:02:29]} 70. Ra2 {[%clk 0:04:44]} Kd3
{[%clk 0:02:24]} 71. Rxb2 {[%clk 0:04:52]} Rxb2+ {[%clk 0:02:34]} 72. Kf3
{[%clk 0:05:01]} Kd4 {[%clk 0:02:37]} 73. h4 {[%clk 0:04:57]} Rb3+
{[%clk 0:02:42]} 74. Kf2 {[%clk 0:05:06]} Ke4 {[%clk 0:02:51]} 75. h5
{[%clk 0:05:15]} Rb8 {[%clk 0:02:56]} 0-1

[Event "Russian Championship (Rapid, Women)"]
[Site "Sochi"]
[Date "2018.10.06"]
[Round "10.1"]
[White "Ambartsumova, Karina"]
[Black "Guseva, Marina"]
[Result "1/2-1/2"]
[BlackElo "2320"]
[WhiteElo "2327"]
[LiveChessVersion "1.4.8"]

1. e4 {[%clk 0:15:16]} c6 {[%clk 0:15:19]} 2. d4 {[%clk 0:15:12]} d5
{[%clk 0:15:28]} 3. exd5 {[%clk 0:15:17]} cxd5 {[%clk 0:15:37]} 4. Nf3
{[%clk 0:15:25]} Nf6 {[%clk 0:14:08]} 5. Ne5 {[%clk 0:15:21]} Nc6
{[%clk 0:14:08]} 6. Bb5 {[%clk 0:15:21]} Bd7 {[%clk 0:14:15]} 7. Nxd7
{[%clk 0:15:28]} Qxd7 {[%clk 0:14:23]} 8. O-O {[%clk 0:15:22]} e6
{[%clk 0:14:31]} 9. c3 {[%clk 0:15:02]} a6 {[%clk 0:13:49]} 10. Bd3
{[%clk 0:15:09]} h6 {[%clk 0:13:56]} 11. Nd2 {[%clk 0:15:02]} Bd6
{[%clk 0:14:04]} 12. Re1 {[%clk 0:14:36]} O-O {[%clk 0:13:55]} 13. Nf3
{[%clk 0:14:15]} Qc7 {[%clk 0:13:48]} 14. Qe2 {[%clk 0:13:22]} Nd7
{[%clk 0:11:57]} 15. h3 {[%clk 0:11:22]} Rfd8 {[%clk 0:11:48]} 16. Be3
{[%clk 0:09:38]} Bf4 {[%clk 0:09:24]} 17. Bxf4 {[%clk 0:06:42]} Qxf4
{[%clk 0:09:32]} 18. g3 {[%clk 0:06:30]} Qc7 {[%clk 0:09:31]} 19. Rad1
{[%clk 0:05:31]} b5 {[%clk 0:09:36]} 20. a3 {[%clk 0:05:08]} Rab8
{[%clk 0:09:29]} 21. Kg2 {[%clk 0:05:01]} Na5 {[%clk 0:09:00]} 22. Ne5
{[%clk 0:03:57]} Nf8 {[%clk 0:08:25]} 23. h4 {[%clk 0:03:26]} Nc4
{[%clk 0:08:29]} 24. h5 {[%clk 0:03:15]} Nd6 {[%clk 0:07:30]} 25. Rc1
{[%clk 0:02:36]} Re8 {[%clk 0:07:23]} 26. Qf3 {[%clk 0:02:26]} a5
{[%clk 0:05:45]} 27. b4 {[%clk 0:02:02]} Ra8 {[%clk 0:04:52]} 28. Qf4
{[%clk 0:01:57]} Ra7 {[%clk 0:03:18]} 29. Rc2 {[%clk 0:01:26]} axb4
{[%clk 0:03:20]} 30. axb4 {[%clk 0:01:35]} Nh7 {[%clk 0:02:47]} 31. g4
{[%clk 0:00:30]} Ng5 {[%clk 0:02:42]} 32. f3 {[%clk 0:00:27]} Rea8
{[%clk 0:02:26]} 33. Qe3 {[%clk 0:00:23]} Ra2 {[%clk 0:02:22]} 34. Ree2
{[%clk 0:00:15]} R2a3 {[%clk 0:01:31]} 35. Qd2 {[%clk 0:00:19]} Qe7
{[%clk 0:00:55]} 36. Re3 {[%clk 0:00:20]} Qf6 {[%clk 0:00:32]} 37. Be2
{[%clk 0:00:27]} Qf4 {[%clk 0:00:30]} 38. Nd3 {[%clk 0:00:35]} Qf6
{[%clk 0:00:36]} 39. Ne5 {[%clk 0:00:42]} Ra1 {[%clk 0:00:40]} 40. Rc1
{[%clk 0:00:26]} R1a2 41. Rc2 Ra1 {[%clk 0:00:31]} 42. Bd3 {[%clk 0:00:19]} Qf4
{[%clk 0:00:23]} 43. Re2 {[%clk 0:00:28]} Qxd2 {[%clk 0:00:29]} 44. Rexd2
{[%clk 0:00:37]} R8a3 {[%clk 0:00:23]} 45. Nd7 {[%clk 0:00:34]} Nh7
{[%clk 0:00:20]} 46. Be2 {[%clk 0:00:24]} Ra7 {[%clk 0:00:20]} 47. Nc5
{[%clk 0:00:25]} Nf6 {[%clk 0:00:21]} 48. Rd1 {[%clk 0:00:31]} Nc4
{[%clk 0:00:26]} 49. Rxa1 {[%clk 0:00:28]} Rxa1 {[%clk 0:00:34]} 50. Bxc4
{[%clk 0:00:33]} dxc4 {[%clk 0:00:43]} 51. Ne4 {[%clk 0:00:25]} Nd5
{[%clk 0:00:40]} 52. Kf2 {[%clk 0:00:29]} Ra3 {[%clk 0:00:40]} 53. Ke2
{[%clk 0:00:29]} f5 {[%clk 0:00:45]} 54. gxf5 {[%clk 0:00:23]} exf5
{[%clk 0:00:54]} 55. Nd6 {[%clk 0:00:31]} Nxc3+ {[%clk 0:01:00]} 56. Kd2
{[%clk 0:00:32]} Nd5 {[%clk 0:01:00]} 57. Nxb5 {[%clk 0:00:41]} Rxf3
{[%clk 0:00:53]} 58. Rxc4 {[%clk 0:00:46]} Rb3 {[%clk 0:00:47]} 59. Nd6
{[%clk 0:00:51]} Rxb4 {[%clk 0:00:26]} 60. Rxb4 {[%clk 0:00:44]} Nxb4
{[%clk 0:00:35]} 61. Nxf5 {[%clk 0:00:54]} Kf7 {[%clk 0:00:41]} 1/2-1/2